header

Regoverning markets (Record no. 128159)

MARC details
000 -LEADER
fixed length control field 01615nam a2200385 a 4500
082 04 - DEWEY DECIMAL CLASSIFICATION NUMBER
Classification number 338.109172/4
245 00 - TITLE STATEMENT
Title Regoverning markets
260 ## - PUBLICATION, DISTRIBUTION, ETC. (IMPRINT)
Place of publication Aldershot, England ;
-- Burlington, VT :
Name of publisher Gower,
Year of publication c2007.
300 ## - PHYSICAL DESCRIPTION
Number of Pages xxi, 220 p. :
Other physical details ill.
500 ## - GENERAL NOTE
General note "International Institute for Environment and Development."
650 #0 - SUBJECT ADDED ENTRY--TOPICAL TERM
Topical Term Grocery trade
Topical Term Supermarkets
Topical Term Agricultural industries
700 1# - ADDED ENTRY--PERSONAL NAME
Personal name Vorley, William.
Personal name Fearne, Andrew.
Personal name Ray, Derek.
856 40 - ELECTRONIC LOCATION AND ACCESS
Uniform Resource Identifier http://site.ebrary.com/lib/rucke/Doc?id=10215579

No items available.

© 2026 Rongo University
Contact us: librarian | system librarian | Rongo university